<?xml version="1.0" encoding="UTF-8"?><?xml-stylesheet type="text/xsl" href="static/style.xsl"?><OAI-PMH xmlns="http://www.openarchives.org/OAI/2.0/" xmlns:xsi="http://www.w3.org/2001/XMLSchema-instance" xsi:schemaLocation="http://www.openarchives.org/OAI/2.0/ http://www.openarchives.org/OAI/2.0/OAI-PMH.xsd"><responseDate>2026-04-17T04:15:18Z</responseDate><request verb="GetRecord" identifier="oai:www.recercat.cat:2117/176159" metadataPrefix="marc">https://recercat.cat/oai/request</request><GetRecord><record><header><identifier>oai:recercat.cat:2117/176159</identifier><datestamp>2025-07-17T12:09:01Z</datestamp><setSpec>com_2072_1033</setSpec><setSpec>col_2072_452950</setSpec></header><metadata><record xmlns="http://www.loc.gov/MARC21/slim" xmlns:dcterms="http://purl.org/dc/terms/" xmlns:xsi="http://www.w3.org/2001/XMLSchema-instance" xmlns:doc="http://www.lyncode.com/xoai" xsi:schemaLocation="http://www.loc.gov/MARC21/slim http://www.loc.gov/standards/marcxml/schema/MARC21slim.xsd">
   <leader>00925njm 22002777a 4500</leader>
   <datafield ind2=" " ind1=" " tag="042">
      <subfield code="a">dc</subfield>
   </datafield>
   <datafield ind2=" " ind1=" " tag="720">
      <subfield code="a">Mañosa Fernández, Víctor</subfield>
      <subfield code="e">author</subfield>
   </datafield>
   <datafield ind2=" " ind1=" " tag="260">
      <subfield code="c">2020-01-15</subfield>
   </datafield>
   <datafield ind2=" " ind1=" " tag="520">
      <subfield code="a">Aquestes notes contenen una versió resumida dels continguts de les conferencies “El batec invisible. La bellesa i l’ànima de les matemàtiques” i “Les fronteres dels nostres prejudicis”, pronunciades a la Casa de Cultura de Girona l’octubre de 2015 i el setembre de 2018 respectivament,  dins del cicle “Contemporàlia” organitzat per la Càtedra  Lluís  Santaló  d’Aplicacions  de  la  Matemàtica.</subfield>
   </datafield>
   <datafield ind2=" " ind1=" " tag="520">
      <subfield code="a">Ens aproximem a l’experiència estètica matemàtica des d’un punt de vista proper al de la psicologia analítica. Analitzem el mite segons el qual l’univers és un ens harmònic que pot ser descrit mitjançant les matemàtiques, les quals li atorguen la seva bellesa, i estudiem el romanent inconscient d’aquesta idea arquetípica en la ciència contemporània. La bellesa matemàtica es presenta, finalment, com a vincle entre l’Arquetip del Cosmos i el de la totalitat de la psique.&#xd;
&#xd;
Aquestes notes contenen una versió resumida dels continguts de les conferencies “El batec invisible. La bellesa i l’ànima de les matemàtiques” i “Les fronteres dels nostres prejudicis”, pronunciades a la Casa de Cultura de Girona l’octubre de 2015 i el setembre de 2018 respectivament,  dins del cicle “Contemporàlia” organitzat per la Càtedra  Lluís  Santaló  d’Aplicacions  de  la  Matemàtica.</subfield>
   </datafield>
   <datafield ind2=" " ind1=" " tag="520">
      <subfield code="a">Preprint</subfield>
   </datafield>
   <datafield tag="653" ind2=" " ind1=" ">
      <subfield code="a">Àrees temàtiques de la UPC::Matemàtiques i estadística</subfield>
   </datafield>
   <datafield tag="653" ind2=" " ind1=" ">
      <subfield code="a">Mathematics -- Philosophy</subfield>
   </datafield>
   <datafield tag="653" ind2=" " ind1=" ">
      <subfield code="a">Aesthetics</subfield>
   </datafield>
   <datafield tag="653" ind2=" " ind1=" ">
      <subfield code="a">Bellesa matemàtica</subfield>
   </datafield>
   <datafield tag="653" ind2=" " ind1=" ">
      <subfield code="a">Platonisme</subfield>
   </datafield>
   <datafield tag="653" ind2=" " ind1=" ">
      <subfield code="a">Pitagorisme</subfield>
   </datafield>
   <datafield tag="653" ind2=" " ind1=" ">
      <subfield code="a">Matemàtica -- Filosofia</subfield>
   </datafield>
   <datafield tag="653" ind2=" " ind1=" ">
      <subfield code="a">Estètica</subfield>
   </datafield>
   <datafield ind2="0" ind1="0" tag="245">
      <subfield code="a">El batec invisible. La bellesa i l’ànima de les matemàtiques</subfield>
   </datafield>
</record></metadata></record></GetRecord></OAI-PMH>